00997cam a2200325 45000010005000000030006000050050017000110080041000280100017000690200039000860200018001250400023001430420009001660500020001750820010001951000026002052450069002312500029003002600038003293000047003673500010004145050007004245200085004315210018005165210018005346500043005526500014005956500022006097000040006312391FISKH20231123103424.0740429s1974 nyua j 000 0 eng  a 74005520  a0394829123a0394929128 (lib. bdg.) a9780394829128 aDLCcDLCdDLCbeng alcac00aPZ8.3.G276bWac00a[Fic]1 aLeSieg, Theo.,d1904-10aWacky Wednesday /cby Theo. LeSieg. Illustrated by George Booth. aRenewed printing in 2002 aNew York : bRandom House, c1974 a46 pages : bcolor illustrations ; c24 cm a$2.50 aG  aDrawings and verse point out the many things that are wrong one wacky Wednesday. a371 bLexile aG bRaz-Plus 12Wacky Wednesday vJuvenile literature  1aCounting. 1aStories in rhyme.1 aBooth, George,d1926-eillustrator